000 00400nam a2200157Ia 4500
008 210210b2005 xxu||||| |||| 00| 0 eng d
020 _a81 7929 099 9
082 _a659.2 RAWM
100 _aRAWSON (Pauline).
245 _aMedia and public relations.
260 _aND
_bInfinity books
_c2005
300 _a110
650 _aMedia public relations
690 _aPublic Relations
906 _a060241
999 _c106813
_d106813